000 00500nam a2200205Ia 4500
005 20250425161132.0
008 250425s9999 xx 000 0 und d
020 _a0471317705
041 _aeng
082 _a624.1772
100 _aGORMAN, DANIEL J.
245 0 _aFREE VIBRATION ANALYSIS OF BEAMS AND SHAFTS
250 _aS.E.
260 _aEstados Unidos
_bJOHN WILEY & SONS
_c1975
260 _aNEW YORK
300 _a386
650 _aVIGAS-VIBRACION
942 _c01
010 _a13485
999 _c203132
_d203132